| 000 | 00585nam a2200157 4500 | ||
|---|---|---|---|
| 999 |
_c7539 _d7539 |
||
| 008 | 170929b xxu||||| |||| 00| 0 eng d | ||
| 022 | _a01181831 | ||
| 082 | _aDPer 613.05 H34 Jul-Nov 2013 | ||
| 100 |
_922835 _aDy, Adrienne. |
||
| 245 |
_aGlobal Pinoy: _bchef Bruce Lim shows us how lola's sumptuous home-cooked meals can be worthy ambassador for health and Filipino culture/ _cAdrienne Dy. |
||
| 260 |
_aPhilippines: _bMIMS Pte Ltd KDN, _c©2013. |
||
| 300 |
_apages 38-41: _billustrations; _c28 cm. |
||
| 500 | _aHealth today. | ||
| 650 | 0 |
_922836 _aCooking. |
|
| 942 |
_2ddc _cPER |
||